| 000 | 00789nam a2200253 i 4500 | ||
|---|---|---|---|
| 001 | 106138 | ||
| 003 | ES-MaACL | ||
| 005 | 20250828144020.0 | ||
| 007 | t| | ||
| 008 | 061003s1971 fr ||||1| fre d | ||
| 080 | _a316 | ||
| 100 | 1 |
_aMauss, Marcel. _979284 |
|
| 245 | 1 | 0 |
_aEssais de sociologie / _cMarcel Mauss, [Paul Fauconnet et Emile Durkheim]. |
| 260 |
_a[Paris] : _bEditions de Minuit, _c[1971] |
||
| 300 |
_a252 p. ; _c18 cm. |
||
| 490 | 1 |
_aPoints. Sciences humaines ; _v19 |
|
| 500 | _aBiblioteca Juan Andrade. | ||
| 650 | 7 |
_aSociología _2embne _917195 |
|
| 700 | 1 |
_aFauconnet, Paul. _948942 |
|
| 700 | 1 |
_aDurkheim, Émile, _d1858-1917 _946302 |
|
| 830 | 0 |
_aPoints. Sciences humaines ; _v19 _9185170 |
|
| 852 |
_aES-MaACL _jAND-858 _bR.110145 |
||
| 999 |
_c106138 _d106138 |
||